| 000 | 00569njm a2200181 i 4500 | ||
|---|---|---|---|
| 001 | C2-0229324 | ||
| 003 | PPAK | ||
| 005 | 20180729152207.0 | ||
| 008 | 000928s1997 my |||| ||||| | may d | ||
| 040 |
_aPPAK _beng _cPPAK _erda |
||
| 245 | 0 | 0 | _aLebuhraya Langkasuka |
| 264 | 1 |
_aAlor Setar, Kedah : _bPerbadanan Perpustakaan Awam Kedah , _c1997 |
|
| 336 |
_2rdacontent _atext |
||
| 337 |
_2rdamedia _aunmediated |
||
| 338 |
_2rdacarrier _avolume |
||
| 500 | _aDirakamkan pada 08/07/1997 ; Rakaman temubual RTM Alor Setar dengan Tuan Haji Ismail Saleh | ||
| 942 |
_ddc _cB |
||
| 999 |
_c163245 _d163245 |
||